ARRUPE JESUIT UNIVERSITY

CORONAVIRUS -STOP THE SPREAD - CLEAN,DISINFECT,COVER

Sunrise to evening star; (Record no. 120010)

MARC details
000 -LEADER
fixed length control field 01005cam a22002531 4500
001 - CONTROL NUMBER
control field 6891272
003 - CONTROL NUMBER IDENTIFIER
control field ARRUPE
005 - DATE AND TIME OF LATEST TRANSACTION
control field 20140207135647.0
008 - FIXED-LENGTH DATA ELEMENTS--GENERAL INFORMATION
fixed length control field 760820s1935 enkcf 000 0deng
010 ## - LIBRARY OF CONGRESS CONTROL NUMBER
LC control number 35009714
035 ## - SYSTEM CONTROL NUMBER
System control number (OCoLC)2386936
040 ## - CATALOGING SOURCE
Original cataloging agency DLC
Transcribing agency WEU
Modifying agency MH
-- DLC
050 00 - LIBRARY OF CONGRESS CALL NUMBER
Classification number DT761
Item number .K5 1935a
082 ## - DEWEY DECIMAL CLASSIFICATION NUMBER
Classification number 920.7
300 ## - PHYSICAL DESCRIPTION
Other physical details front., plates, ports.
Dimensions 22 cm.
100 1# - MAIN ENTRY--PERSONAL NAME
Personal name King, Marina,
Dates associated with a name 1856-
9 (RLIN) 8540
245 10 - TITLE STATEMENT
Title Sunrise to evening star;
Remainder of title my seventy years in South Africa,
Statement of responsibility, etc by Marina King, with a preface by Field-Marshall Viscount Allenby, and a note by Marie Botha-Hawkin. With twenty-four illustrations from photographs.
260 ## - PUBLICATION, DISTRIBUTION, ETC. (IMPRINT)
Place of publication, distribution, etc London [etc.]
Name of publisher, distributor, etc G. G. Harrap & co., ltd.
Date of publication, distribution, etc [1935]
300 ## - PHYSICAL DESCRIPTION
Extent 314 p., 1 l.
500 ## - GENERAL NOTE
General note "First published January 1935 ... Reprinted February 1935."
650 #0 - SUBJECT ADDED ENTRY--TOPICAL TERM
Topical term or geographic name as entry element Frontier and pioneer life
Geographic subdivision South Africa.
9 (RLIN) 8541
651 #0 - SUBJECT ADDED ENTRY--GEOGRAPHIC NAME
Geographic name Africa
General subdivision Description and travel.
9 (RLIN) 8542
906 ## - LOCAL DATA ELEMENT F, LDF (RLIN)
a 7
b cbc
c oclcrpl
d u
e ncip
f 19
g y-gencatlg
942 ## - ADDED ENTRY ELEMENTS (KOHA)
Source of classification or shelving scheme Library of Congress Classification
Koha item type Monograph ( Printed materials)
Holdings
Withdrawn status Lost status Source of classification or shelving scheme Damaged status Not for loan Collection code Home library Current library Shelving location Date acquired Total Checkouts Full call number Barcode Date last seen Price effective from Koha item type
    Library of Congress Classification     REFERENCE ARRUPE LIBRARY ARRUPE LIBRARY Main Collection 07/02/2014   SPC DT761 .K5 1935 46500000126 07/02/2014 07/02/2014 REFERENCE

 

Arrupe Library. PO Box MP320 Mt Pleasant, Harare, Zimbabwe
263 242 745411|librarian@aju.ac.zw